Statistiche per Cognomi più diffusi in Emilia-Romagna

Clicka qui per fare il quiz!

Statistiche generali

  • Questo quiz è stato fatto 3 volte
  • Il punteggio medio è 4 su 12

Statistiche sulle risposte

Cognome% Corretto
Bianchi
100%
Ferrari
100%
Rossi
100%
Barbieri
50%
Magnani
50%
Casadei
0%
Fabbri
0%
Gamberini
0%
Montanari
0%
Ricci
0%
Simonini
0%
Venturi
0%

Distribuzione punteggi

Percentile per numero di risposta

Percentuale di utenti per punteggio

I tuoi punteggi nel tempo

Non hai fatto questo quiz